000
00278nam a22001337a 4500
020
_a
81-7889-048-8
082
_a
494
_b
KOU/B
100
_a
KOUSHIK, KUMAR
245
_a
SRESHT HNDI NIBHANDH
260
_a
ILAHABAD
_b
BOHRA
300
_a
304
650
_a
ESSAY
_z
INDIA
942
_c
BK
999
_c
4435
_d
4435